Statistiques concernant Départements français et capitales #3

Cliquez ici pour prendre le quiz!

Statistiques générales

  • Ce quiz a été pris 133 fois
  • Le résultat moyen est 22 sur 27

Statistiques - réponses

% Correct
Alpes-MaritimesNice
97%
StrasbourgBas-Rhin
95%
GrenobleIsère
91%
VannesMorbihan
91%
RouenSeine-Maritime
91%
Charente-MaritimeLa Rochelle
89%
Haut-RhinColmar
88%
ChâteaurouxIndre
88%
MoselleMetz
87%
EvreuxEure
85%
Pyrénées-OrientalesPerpignan
84%
AngoulêmeCharente
82%
PrivasArdèche
81%
AgenLot-et-Garonne
81%
DrômeValence
81%
LimogesHaute-Vienne
80%
VersaillesYvelines
80%
NeversNièvre
79%
Indre-et-LoireTours
78%
VosgesEpinal
77%
ArdennesCharleville-Mézières
76%
ViennePoitiers
75%
BourgesCher
72%
LozèreMende
72%
LotCahors
70%
Seine-et-MarneMelun
65%
Eure-et-LoireChartres
64%

Distribution des résultats

Percentile par nombre de réponses

% des personnes avec chaque résultat

Votre développement - résultats

Vous n’avez pas pris ce quiz